Riadenie ľudských zdrojov v organizácii poskytujúcej služby diplomová práca

Uložené v:
Podrobná bibliografia
Hlavný autor: Kutáková, Lucia
Korporativný autor: Obchodná fakulta EU. Katedra tovaroznalectva a kvality tovaru
Ďalší autori: Karkalíková, Marta
Médium: Kniha
Jazyk:Slovak
Vydavateľské údaje: Bratislava 2012
Tagy: Pridať tag
Žiadne tagy, Buďte prvý, kto otaguje tento záznam!

MARC

LEADER 00000nbm a2200000 4500
001 0158823
005 20161109102210.6
041 0 |a slo 
044 |a SK 
245 1 0 |a Riadenie ľudských zdrojov v organizácii poskytujúcej služby  |b diplomová práca  |c Lucia Kutáková ; školiteľ: Marta Karkalíková 
264 1 |a Bratislava  |c 2012 
300 |a 78 s. 
100 1 |a Kutáková, Lucia 
700 1 |a Karkalíková, Marta 
710 2 |a Obchodná fakulta EU. Katedra tovaroznalectva a kvality tovaru